AEW Full Gear 2021 Card - Statistics

General Stats
  • This quiz has been taken 17 times
  • The average score is 26 of 38
Answer Stats
Answer % Correct
Adam Page
100%
Kenny Omega
100%
Matt Jackson
100%
Nick Jackson
100%
Adam Cole
93%
Bryan Danielson
93%
Chris Jericho
93%
Christian Cage
86%
Jake Hager
86%
Jungle Boy
86%
Luchasaurus
86%
MJF
86%
Ortiz
86%
Sammy Guevara
86%
Santana
86%
Cash Wheeler
79%
Dax Harwood
79%
Ethan Page
79%
Britt Baker
71%
CM Punk
71%
Penta El Zero Miedo
71%
Rey Fenix
71%
Datby Allin
64%
Eddie Kingston
64%
Scorpio Sky
64%
Malakai Black
57%
Andrei Arlovski
43%
Cody Rhodes
43%
Dan Lambert
43%
Junior Dos Santos
43%
Miro
43%
Pac
43%
Tay Conti
43%
Hikaru Shida
36%
Nyla Rose
36%
Thunder Rosa
36%
Andrade El Idolo
21%
Jamie Hayter
21%
No matching quizzes found
Score Distribution
Percent of People with Each Score
Percentile by Number Answered
Your Score History
You have not taken this quiz